Las palabras solo dicen: colección de cuentos

Bewaard in:
Bibliografische gegevens
Hoofdauteur: Corradini, Renzo (Auteur)
Formaat: Boek
Taal:Spaans
Gepubliceerd in: Santiago Pineda Libros 1974
Editie:1a. ed
Onderwerpen:
Tags: Voeg label toe
Geen labels, Wees de eerste die dit record labelt!

MARC

LEADER 00000cam a2200000 a 4500
001 UCE2260
003 CL-VaPUC
008 140619e19740200cl |||||||||||||||||spa|d
082 0 4 |a Ch863  |b COR  |2 21 
100 0 |a Corradini, Renzo  |e author  |9 574724 
245 1 4 |a Las palabras solo dicen: colección de cuentos 
250 |a 1a. ed 
300 |a 167 p 
942 |c BK 
945 |d 20140619 13:53:00  |a dcastane 
260 |a Santiago  |b Pineda Libros  |c 1974 
650 0 |a Cuentos chilenos   |9 308280 
650 0 |a Literatura chilena   |9 308278 
583 |a last modification  |c 20140619 13:53:00  |k Rodrigo Vera 
999 |c 355909  |d 355907 
952 |0 0  |1 0  |3 erb  |4 0  |6 CH_863_000000000000000_COR_1974  |7 0  |8 A  |9 462852  |a BIBEDU  |b BIBEDU  |i 5047765  |o Ch863 COR 1974  |p 5047765  |r 2019-11-23  |w 2019-11-23  |y BK  |z Catalogado en:20140619  |k LIT